[Event "Rapid 2018"]
[Site "Saint-Petersburg"]
[Date "2018.12.28"]
[Round "11"]
[Board "12"]
[White "Harikrishna Pentala (IND)"]
[Black "Petrosian Tigran L. (ARM)"]
[Result "0-1"]
[LiveChessVersion "1.4.8"]
[BlackElo "2676"]
[WhiteElo "2758"]

1. e4 {[%clk 0:15:17]} d6 {[%clk 0:15:15]} 2. d4 {[%clk 0:15:25]} Nf6
{[%clk 0:15:23]} 3. Nc3 {[%clk 0:15:33]} c6 {[%clk 0:15:25]} 4. Nf3
{[%clk 0:15:21]} Qa5 {[%clk 0:15:17]} 5. Bd2 {[%clk 0:14:29]} e5 {[%clk 0:12:50]}
6. Nd5 {[%clk 0:13:52]} Qd8 {[%clk 0:12:46]} 7. Nxf6+ {[%clk 0:13:58]} Qxf6
{[%clk 0:12:27]} 8. Bg5 {[%clk 0:11:53]} Qg6 {[%clk 0:12:26]} 9. dxe5
{[%clk 0:12:00]} Qxe4+ {[%clk 0:12:30]} 10. Be2 {[%clk 0:11:59]} h6
{[%clk 0:11:43]} 11. Bh4 {[%clk 0:11:51]} Bg4 {[%clk 0:08:48]} 12. Bg3
{[%clk 0:11:32]} dxe5 {[%clk 0:08:48]} 13. Nxe5 {[%clk 0:09:26]} Qxg2
{[%clk 0:03:47]} 14. Rf1 {[%clk 0:09:18]} Be6 {[%clk 0:03:54]} 15. Bf3
{[%clk 0:07:28]} Qh3 {[%clk 0:04:03]} 16. Qe2 {[%clk 0:06:56]} Bb4+
{[%clk 0:03:49]} 17. c3 {[%clk 0:06:56]} Be7 {[%clk 0:03:58]} 18. O-O-O
{[%clk 0:06:19]} O-O {[%clk 0:02:45]} 19. Bg4 {[%clk 0:05:46]} Bxg4
{[%clk 0:02:39]} 20. Nxg4 {[%clk 0:05:53]} Re8 {[%clk 0:02:16]} 21. Bf4
{[%clk 0:03:34]} Na6 {[%clk 0:01:54]} 22. Rd3 {[%clk 0:03:42]} Qh4
{[%clk 0:00:19]} 23. Re3 {[%clk 0:02:55]} Nc5 {[%clk 0:00:19]} 24. Rg1
{[%clk 0:02:30]} Ne6 {[%clk 0:00:19]} 25. Bxh6 {[%clk 0:01:46]} Bg5
{[%clk 0:00:26]} 26. Bxg5 {[%clk 0:01:32]} Qxg5 {[%clk 0:00:35]} 27. Qf3
{[%clk 0:01:09]} Kf8 {[%clk 0:00:43]} 28. Qh3 {[%clk 0:00:49]} Rad8
{[%clk 0:00:21]} 29. Rge1 {[%clk 0:00:37]} Kg8 {[%clk 0:00:24]} 30. Kb1
{[%clk 0:00:38]} Qf5+ 31. Ka1 Qc2 {[%clk 0:00:34]} 32. Qf3 {[%clk 0:00:25]} Rd2
{[%clk 0:00:40]} 33. Rb1 {[%clk 0:00:35]} Red8 {[%clk 0:00:36]} 34. Nh6+
{[%clk 0:00:24]} gxh6 {[%clk 0:00:31]} 35. Rxe6 {[%clk 0:00:34]} Rd1
{[%clk 0:00:18]} 36. Re8+ {[%clk 0:00:43]} Kg7 {[%clk 0:00:21]} 37. Qg4+
{[%clk 0:00:36]} Qg6 {[%clk 0:00:25]} 38. Qxd1 {[%clk 0:00:29]} Rxe8
{[%clk 0:00:29]} 39. Qd4+ {[%clk 0:00:38]} Kh7 {[%clk 0:00:31]} 40. Qxa7
{[%clk 0:00:47]} b5 {[%clk 0:00:31]} 41. a3 {[%clk 0:00:50]} Re2 {[%clk 0:00:19]}
42. Rd1 {[%clk 0:00:51]} Qf5 {[%clk 0:00:18]} 43. Rf1 {[%clk 0:00:30]} c5
{[%clk 0:00:17]} 44. Qb7 {[%clk 0:00:21]} b4 {[%clk 0:00:12]} 45. axb4
{[%clk 0:00:17]} cxb4 {[%clk 0:00:15]} 46. Qxb4 {[%clk 0:00:23]} Re6
{[%clk 0:00:17]} 47. b3 {[%clk 0:00:32]} Qc2 {[%clk 0:00:24]} 48. Qc4
{[%clk 0:00:30]} Re7 {[%clk 0:00:11]} 49. Qd4 {[%clk 0:00:24]} Re2
{[%clk 0:00:18]} 0-1

[Event "Rapid 2018"]
[Site "Saint-Petersburg"]
[Date "2018.12.28"]
[Round "11"]
[Board "15"]
[White "Guseinov Gadir (AZE)"]
[Black "Alekseev Evgeny (RUS)"]
[Result "1/2-1/2"]
[LiveChessVersion "1.4.8"]
[BlackElo "2650"]
[WhiteElo "2732"]

1. e4 {[%clk 0:13:53]} c5 {[%clk 0:15:11]} 2. Nc3 {[%clk 0:13:57]} e6
{[%clk 0:14:55]} 3. Nf3 {[%clk 0:14:04]} d6 {[%clk 0:13:38]} 4. d4
{[%clk 0:14:12]} cxd4 {[%clk 0:13:46]} 5. Nxd4 {[%clk 0:14:21]} a6
{[%clk 0:13:55]} 6. g3 {[%clk 0:14:26]} Nf6 {[%clk 0:13:50]} 7. Bg2
{[%clk 0:14:34]} Be7 {[%clk 0:13:59]} 8. O-O {[%clk 0:14:42]} O-O
{[%clk 0:14:06]} 9. f4 {[%clk 0:14:46]} Nc6 {[%clk 0:13:58]} 10. Be3
{[%clk 0:14:50]} Qc7 {[%clk 0:13:38]} 11. Kh1 {[%clk 0:14:55]} Rb8
{[%clk 0:11:37]} 12. Nb3 {[%clk 0:14:25]} b5 {[%clk 0:11:22]} 13. a3
{[%clk 0:14:34]} 1/2-1/2

[Event "Rapid 2018"]
[Site "Saint-Petersburg"]
[Date "2018.12.28"]
[Round "11"]
[Board "16"]
[White "Jakovenko Dmitry (RUS)"]
[Black "Goganov Aleksey (RUS)"]
[Result "1/2-1/2"]
[LiveChessVersion "1.4.8"]
[BlackElo "2545"]
[WhiteElo "2731"]

1. d4 {[%clk 0:15:19]} d5 {[%clk 0:15:15]} 2. c4 {[%clk 0:15:27]} c6
{[%clk 0:15:24]} 3. Nc3 {[%clk 0:15:36]} Nf6 {[%clk 0:15:33]} 4. e3
{[%clk 0:15:45]} e6 {[%clk 0:15:41]} 5. Nf3 {[%clk 0:15:53]} Nbd7
{[%clk 0:15:50]} 6. Qc2 {[%clk 0:16:02]} Bd6 {[%clk 0:15:55]} 7. Bd3
{[%clk 0:16:11]} dxc4 {[%clk 0:16:03]} 8. Bxc4 {[%clk 0:16:19]} O-O
{[%clk 0:16:11]} 9. O-O {[%clk 0:16:27]} b5 {[%clk 0:16:19]} 10. Bd3
{[%clk 0:16:36]} Bb7 {[%clk 0:16:27]} 11. e4 {[%clk 0:16:44]} e5 {[%clk 0:16:00]}
12. dxe5 {[%clk 0:16:51]} Nxe5 {[%clk 0:16:06]} 13. Nxe5 {[%clk 0:16:59]} Bxe5
{[%clk 0:16:14]} 14. h3 {[%clk 0:17:09]} Re8 {[%clk 0:14:21]} 15. Be3
{[%clk 0:17:15]} a6 {[%clk 0:11:02]} 16. Rfd1 {[%clk 0:17:23]} Qc7
{[%clk 0:07:56]} 17. a4 {[%clk 0:17:31]} Rac8 {[%clk 0:06:05]} 18. Ne2
{[%clk 0:16:59]} c5 {[%clk 0:04:55]} 19. f4 {[%clk 0:13:28]} c4 {[%clk 0:03:41]}
20. fxe5 {[%clk 0:13:37]} Qxe5 {[%clk 0:03:34]} 21. Bd4 {[%clk 0:13:46]} cxd3
{[%clk 0:03:14]} 22. Qxd3 {[%clk 0:13:55]} Qxe4 {[%clk 0:03:12]} 23. Qxe4
{[%clk 0:14:03]} Nxe4 {[%clk 0:03:07]} 24. axb5 {[%clk 0:13:04]} axb5
{[%clk 0:03:11]} 25. Rac1 {[%clk 0:12:40]} f6 {[%clk 0:03:03]} 26. Rxc8
{[%clk 0:12:35]} Rxc8 {[%clk 0:03:11]} 27. Nc3 {[%clk 0:12:27]} b4
{[%clk 0:02:48]} 28. Nxe4 {[%clk 0:11:37]} Bxe4 {[%clk 0:02:55]} 29. b3
{[%clk 0:10:39]} Bd5 {[%clk 0:01:29]} 30. Bf2 {[%clk 0:10:21]} Bxb3
{[%clk 0:01:31]} 31. Rb1 {[%clk 0:10:30]} Bd5 {[%clk 0:01:09]} 32. Rxb4
{[%clk 0:10:39]} Rc1+ {[%clk 0:01:18]} 33. Kh2 {[%clk 0:10:48]} Rc2
{[%clk 0:01:26]} 34. Kg1 {[%clk 0:10:53]} Kf7 {[%clk 0:01:22]} 35. Rb5
{[%clk 0:10:52]} Ke6 {[%clk 0:01:06]} 36. Rc5 {[%clk 0:10:56]} Ra2
{[%clk 0:00:49]} 37. Rc7 {[%clk 0:10:55]} Ra1+ {[%clk 0:00:55]} 38. Kh2
{[%clk 0:11:04]} Ra2 {[%clk 0:01:03]} 39. Kg1 {[%clk 0:11:13]} Ra1+
{[%clk 0:00:57]} 40. Kh2 {[%clk 0:11:22]} Ra2 {[%clk 0:01:05]} 1/2-1/2

[Event "Rapid 2018"]
[Site "Saint-Petersburg"]
[Date "2018.12.28"]
[Round "11"]
[Board "18"]
[White "Cheparinov Ivan (GEO)"]
[Black "Yakubboev Nodirbek (UZB)"]
[Result "1/2-1/2"]
[LiveChessVersion "1.4.8"]
[BlackElo "2364"]
[WhiteElo "2697"]

1. Nf3 {[%clk 0:15:16]} d5 {[%clk 0:14:59]} 2. d4 {[%clk 0:15:23]} Nf6
{[%clk 0:13:08]} 3. c4 {[%clk 0:15:31]} dxc4 {[%clk 0:13:16]} 4. e3
{[%clk 0:15:38]} e6 {[%clk 0:13:25]} 5. Bxc4 {[%clk 0:15:45]} c5 {[%clk 0:13:34]}
6. O-O {[%clk 0:15:48]} a6 {[%clk 0:13:44]} 7. Nc3 {[%clk 0:15:54]} Nc6
{[%clk 0:13:39]} 8. dxc5 {[%clk 0:15:53]} Bxc5 {[%clk 0:12:16]} 9. Qxd8+
{[%clk 0:16:01]} Kxd8 {[%clk 0:12:25]} 10. Ng5 {[%clk 0:14:09]} b5
{[%clk 0:09:23]} 11. Be2 {[%clk 0:14:14]} Ke7 {[%clk 0:09:16]} 12. Nge4
{[%clk 0:13:16]} Nxe4 {[%clk 0:08:20]} 13. Nxe4 {[%clk 0:13:25]} Bb6
{[%clk 0:08:29]} 14. a4 {[%clk 0:12:50]} b4 {[%clk 0:07:43]} 15. Bd2
{[%clk 0:12:48]} a5 {[%clk 0:06:28]} 16. Rac1 {[%clk 0:12:09]} Ne5
{[%clk 0:04:45]} 17. Nc5 {[%clk 0:10:20]} Nd7 {[%clk 0:04:15]} 18. Nb3
{[%clk 0:09:40]} Bb7 {[%clk 0:04:14]} 19. Bb5 {[%clk 0:09:11]} Rhc8
{[%clk 0:03:54]} 20. f3 {[%clk 0:07:03]} Bd5 {[%clk 0:02:44]} 21. Rxc8
{[%clk 0:06:47]} Rxc8 {[%clk 0:02:53]} 22. Rc1 {[%clk 0:06:57]} Rxc1+
{[%clk 0:02:43]} 23. Nxc1 {[%clk 0:07:05]} Nc5 {[%clk 0:02:52]} 24. Kf1
{[%clk 0:07:10]} f5 {[%clk 0:03:00]} 25. Ke2 {[%clk 0:07:14]} Bc7
{[%clk 0:03:01]} 26. Be1 {[%clk 0:05:52]} Be5 {[%clk 0:01:25]} 27. Bh4+
{[%clk 0:06:01]} Kd6 {[%clk 0:00:23]} 28. Nd3 {[%clk 0:04:41]} Nxd3
{[%clk 0:00:20]} 29. Kxd3 {[%clk 0:04:50]} Bxb2 {[%clk 0:00:13]} 30. Bd8
{[%clk 0:04:58]} Bf6 {[%clk 0:00:16]} 31. Bxa5 {[%clk 0:04:40]} b3
{[%clk 0:00:23]} 32. Bb4+ {[%clk 0:04:38]} Kc7 {[%clk 0:00:24]} 33. Ba3
{[%clk 0:04:46]} Bc6 {[%clk 0:00:21]} 34. Bxc6 {[%clk 0:04:29]} Kxc6
{[%clk 0:00:29]} 35. Bb4 {[%clk 0:04:38]} g6 {[%clk 0:00:29]} 36. e4
{[%clk 0:03:50]} fxe4+ {[%clk 0:00:37]} 37. fxe4 {[%clk 0:03:59]} h5
{[%clk 0:00:41]} 38. h3 {[%clk 0:04:04]} Kb6 {[%clk 0:00:44]} 39. Kd2
{[%clk 0:04:01]} Bb2 {[%clk 0:00:32]} 40. g4 {[%clk 0:03:58]} hxg4
{[%clk 0:00:38]} 41. hxg4 {[%clk 0:04:07]} Ka6 {[%clk 0:00:42]} 42. Kd3
{[%clk 0:02:40]} Bf6 {[%clk 0:00:47]} 43. Kd2 {[%clk 0:02:30]} Kb6
{[%clk 0:00:43]} 44. Kd3 {[%clk 0:02:27]} Kc6 {[%clk 0:00:49]} 45. Kd2
{[%clk 0:02:30]} Bd4 {[%clk 0:00:30]} 46. Kd3 {[%clk 0:02:38]} Be5
{[%clk 0:00:35]} 47. Kd2 {[%clk 0:02:45]} Kd7 {[%clk 0:00:25]} 48. Kd3
{[%clk 0:02:45]} Kc6 {[%clk 0:00:22]} 49. Kd2 {[%clk 0:02:52]} Kb7
{[%clk 0:00:27]} 50. Kd3 {[%clk 0:02:58]} Ka6 {[%clk 0:00:23]} 51. Kd2
{[%clk 0:03:05]} Kb6 {[%clk 0:00:28]} 52. Kd3 {[%clk 0:03:12]} 1/2-1/2

[Event "Rapid 2018"]
[Site "Saint-Petersburg"]
[Date "2018.12.28"]
[Round "11"]
[Board "21"]
[White "Sjugirov Sanan (RUS)"]
[Black "Antipov Mikhail Al. (RUS)"]
[Result "0-1"]
[LiveChessVersion "1.4.8"]
[BlackElo "2628"]
[WhiteElo "2722"]

1. d4 {[%clk 0:07:26]} Nf6 {[%clk 0:15:18]} 2. c4 {[%clk 0:07:28]} c6
{[%clk 0:15:27]} 3. Nf3 {[%clk 0:07:35]} d5 {[%clk 0:15:35]} 4. Nc3
{[%clk 0:07:41]} a6 {[%clk 0:15:44]} 5. cxd5 {[%clk 0:07:49]} cxd5
{[%clk 0:15:52]} 6. Bf4 {[%clk 0:07:57]} Nc6 {[%clk 0:15:56]} 7. Rc1
{[%clk 0:07:56]} Bf5 {[%clk 0:14:38]} 8. e3 {[%clk 0:08:03]} Qb6 {[%clk 0:13:04]}
9. Be2 {[%clk 0:07:38]} Qxb2 {[%clk 0:12:06]} 10. O-O {[%clk 0:07:45]} e6
{[%clk 0:10:55]} 11. Nh4 {[%clk 0:07:42]} Bg6 {[%clk 0:11:04]} 12. Nxg6
{[%clk 0:07:33]} hxg6 {[%clk 0:11:13]} 13. Na4 {[%clk 0:05:33]} Qa3
{[%clk 0:11:21]} 14. Rc3 {[%clk 0:05:34]} Qxa2 {[%clk 0:07:25]} 15. Bd3
{[%clk 0:05:20]} Ne4 {[%clk 0:06:55]} 16. Rc1 {[%clk 0:04:56]} Qd2
{[%clk 0:04:56]} 17. Nb6 {[%clk 0:04:24]} Rd8 {[%clk 0:03:08]} 18. Bxe4
{[%clk 0:03:53]} Qxd1 {[%clk 0:03:16]} 19. Rfxd1 {[%clk 0:04:01]} dxe4
{[%clk 0:03:25]} 20. Bc7 {[%clk 0:04:09]} Rd5 {[%clk 0:03:15]} 21. f3
{[%clk 0:02:21]} exf3 {[%clk 0:00:34]} 22. Nxd5 {[%clk 0:02:13]} exd5
{[%clk 0:00:42]} 23. gxf3 {[%clk 0:02:22]} Kd7 {[%clk 0:00:50]} 24. Bg3
{[%clk 0:02:20]} Bd6 {[%clk 0:00:26]} 25. e4 {[%clk 0:02:22]} Rb8
{[%clk 0:00:16]} 26. Kg2 {[%clk 0:01:37]} Ra8 {[%clk 0:00:14]} 27. Bxd6
{[%clk 0:01:10]} Kxd6 {[%clk 0:00:22]} 28. Rc5 {[%clk 0:01:19]} Ne7
{[%clk 0:00:12]} 29. Rb1 {[%clk 0:01:10]} b5 {[%clk 0:00:15]} 30. Ra1
{[%clk 0:01:17]} dxe4 {[%clk 0:00:22]} 31. fxe4 {[%clk 0:01:26]} Nc6
{[%clk 0:00:29]} 32. e5+ {[%clk 0:00:56]} Kd7 {[%clk 0:00:38]} 33. Rd5+
{[%clk 0:00:39]} Ke7 {[%clk 0:00:18]} 34. Rc1 {[%clk 0:00:48]} Nd8
{[%clk 0:00:13]} 35. Rc7+ {[%clk 0:00:51]} Ke8 {[%clk 0:00:23]} 36. Rd6
{[%clk 0:00:37]} a5 {[%clk 0:00:14]} 37. Rb6 {[%clk 0:00:20]} Ne6
{[%clk 0:00:20]} 38. Rc1 {[%clk 0:00:14]} Nxd4 {[%clk 0:00:27]} 39. Rb7
{[%clk 0:00:15]} a4 {[%clk 0:00:13]} 40. Rcc7 {[%clk 0:00:16]} Nf5
{[%clk 0:00:21]} 41. Rxb5 {[%clk 0:00:15]} a3 {[%clk 0:00:26]} 42. Rb1
{[%clk 0:00:21]} a2 {[%clk 0:00:15]} 43. Ra1 {[%clk 0:00:30]} Ra3
{[%clk 0:00:13]} 44. Kf2 {[%clk 0:00:19]} Nd4 {[%clk 0:00:12]} 45. Rc4
{[%clk 0:00:16]} Nb3 {[%clk 0:00:16]} 46. Rc3 {[%clk 0:00:23]} Ke7
{[%clk 0:00:25]} 47. Re3 {[%clk 0:00:13]} Ke6 {[%clk 0:00:28]} 48. h4
{[%clk 0:00:15]} Kd5 {[%clk 0:00:29]} 49. Kg3 {[%clk 0:00:15]} Kc4
{[%clk 0:00:31]} 50. Kf4 {[%clk 0:00:12]} Ra6 {[%clk 0:00:21]} 51. Rxa2
{[%clk 0:00:13]} Rxa2 {[%clk 0:00:29]} 52. e6 {[%clk 0:00:22]} fxe6
{[%clk 0:00:25]} 53. Rxe6 {[%clk 0:00:32]} Rf2+ {[%clk 0:00:16]} 54. Kg3
{[%clk 0:00:34]} Rf6 {[%clk 0:00:20]} 55. Re7 {[%clk 0:00:42]} Nd4
{[%clk 0:00:29]} 56. Kg4 {[%clk 0:00:40]} Ne6 {[%clk 0:00:38]} 57. Rd7
{[%clk 0:00:54]} Kc5 {[%clk 0:00:34]} 58. Kg3 {[%clk 0:01:01]} Kc6
{[%clk 0:00:42]} 59. Rd1 {[%clk 0:01:07]} Rf5 {[%clk 0:00:45]} 60. Kg4
{[%clk 0:01:16]} Rd5 {[%clk 0:00:48]} 0-1

[Event "Rapid 2018"]
[Site "Saint-Petersburg"]
[Date "2018.12.28"]
[Round "11"]
[Board "22"]
[White "Akopian Vladimir (ARM)"]
[Black "Inarkiev Ernesto (RUS)"]
[Result "1/2-1/2"]
[LiveChessVersion "1.4.8"]
[BlackElo "2624"]
[WhiteElo "2707"]

1. e4 {[%clk 0:15:17]} c5 {[%clk 0:15:19]} 2. Nf3 {[%clk 0:15:25]} e6
{[%clk 0:15:27]} 3. b3 {[%clk 0:15:07]} b6 {[%clk 0:15:35]} 4. Bb2
{[%clk 0:14:44]} Bb7 {[%clk 0:15:44]} 5. Qe2 {[%clk 0:13:50]} Nc6
{[%clk 0:15:52]} 6. g3 {[%clk 0:13:50]} Nf6 {[%clk 0:15:02]} 7. Bg2
{[%clk 0:13:39]} d6 {[%clk 0:14:21]} 8. O-O {[%clk 0:13:42]} e5 {[%clk 0:14:30]}
9. Nc3 {[%clk 0:12:20]} g6 {[%clk 0:14:04]} 10. Nd5 {[%clk 0:11:53]} Bg7
{[%clk 0:14:11]} 11. c4 {[%clk 0:10:34]} O-O {[%clk 0:14:18]} 12. d3
{[%clk 0:10:42]} Bc8 {[%clk 0:13:07]} 13. h3 {[%clk 0:10:23]} Rb8
{[%clk 0:13:16]} 14. Nh2 {[%clk 0:09:49]} b5 {[%clk 0:13:07]} 15. Rab1
{[%clk 0:08:51]} bxc4 {[%clk 0:12:51]} 16. bxc4 {[%clk 0:08:54]} Nxd5
{[%clk 0:12:45]} 17. exd5 {[%clk 0:06:47]} Nd4 {[%clk 0:11:58]} 18. Bxd4
{[%clk 0:06:38]} Rxb1 {[%clk 0:12:06]} 19. Rxb1 {[%clk 0:06:48]} exd4
{[%clk 0:12:06]} 20. Qd2 {[%clk 0:06:50]} Qc7 {[%clk 0:10:59]} 21. h4
{[%clk 0:06:28]} Bf5 {[%clk 0:11:02]} 22. g4 {[%clk 0:05:25]} Bd7
{[%clk 0:11:09]} 23. g5 {[%clk 0:04:24]} Rb8 {[%clk 0:08:39]} 24. Rb3
{[%clk 0:04:17]} Rxb3 {[%clk 0:08:16]} 25. axb3 {[%clk 0:04:26]} Qb6
{[%clk 0:08:25]} 26. Qd1 {[%clk 0:04:22]} Qb4 {[%clk 0:08:34]} 27. Bf3
{[%clk 0:03:36]} h5 {[%clk 0:08:17]} 28. gxh6 {[%clk 0:03:36]} Bxh6
{[%clk 0:08:26]} 29. Bg4 {[%clk 0:03:40]} Be8 {[%clk 0:06:12]} 30. h5
{[%clk 0:03:44]} f5 {[%clk 0:05:06]} 31. Bh3 {[%clk 0:03:50]} gxh5
{[%clk 0:05:15]} 32. Bxf5 {[%clk 0:03:57]} Qd2 {[%clk 0:05:23]} 33. Qf3
{[%clk 0:02:33]} Qg5+ {[%clk 0:04:23]} 34. Kf1 {[%clk 0:02:25]} Kg7
{[%clk 0:04:32]} 35. Qh3 {[%clk 0:02:08]} Qc1+ {[%clk 0:04:11]} 36. Kg2
{[%clk 0:02:16]} Qg5+ {[%clk 0:04:17]} 37. Kf1 {[%clk 0:02:24]} Qc1+
{[%clk 0:04:25]} 38. Kg2 {[%clk 0:02:32]} Qf4 {[%clk 0:04:26]} 39. Nf1
{[%clk 0:02:02]} Bg5 {[%clk 0:04:25]} 40. Be4 {[%clk 0:01:32]} Bh4
{[%clk 0:03:40]} 41. Ng3 {[%clk 0:00:58]} Bxg3 {[%clk 0:02:23]} 42. fxg3
{[%clk 0:01:06]} Qd2+ {[%clk 0:01:59]} 43. Kg1 {[%clk 0:01:01]} Qg5
{[%clk 0:02:08]} 44. Kh2 {[%clk 0:00:55]} Qe5 {[%clk 0:02:01]} 45. Kg2
{[%clk 0:00:41]} Bg6 {[%clk 0:00:42]} 46. Qd7+ {[%clk 0:00:39]} Kh6
{[%clk 0:00:52]} 47. Bxg6 {[%clk 0:00:44]} Kxg6 {[%clk 0:01:01]} 48. Kh3
{[%clk 0:00:23]} a5 {[%clk 0:01:10]} 49. Qc8 {[%clk 0:00:24]} Qf6
{[%clk 0:01:04]} 50. Qe8+ {[%clk 0:00:25]} Kh6 {[%clk 0:01:13]} 51. Qe4
{[%clk 0:00:24]} Kg7 {[%clk 0:01:02]} 52. Kg2 {[%clk 0:00:21]} Qf7
{[%clk 0:01:09]} 53. Qh4 {[%clk 0:00:20]} Kg6 {[%clk 0:00:51]} 54. g4
{[%clk 0:00:16]} hxg4 {[%clk 0:00:38]} 55. Qxg4+ {[%clk 0:00:24]} Kh7
{[%clk 0:00:44]} 56. Qh4+ {[%clk 0:00:26]} Kg7 {[%clk 0:00:52]} 57. Qg4+
{[%clk 0:00:14]} Kh6 {[%clk 0:00:55]} 58. Qh4+ {[%clk 0:00:18]} Qh5
{[%clk 0:01:00]} 59. Kg3 {[%clk 0:00:17]} Kg6 {[%clk 0:01:06]} 60. Qxh5+
{[%clk 0:00:15]} Kxh5 {[%clk 0:01:15]} 61. Kf4 {[%clk 0:00:24]} Kg6
{[%clk 0:01:11]} 62. Kg4 {[%clk 0:00:32]} Kf6 {[%clk 0:01:19]} 63. Kf4
{[%clk 0:00:21]} Ke5+ 64. Ke4+ 1/2-1/2

[Event "Rapid 2018"]
[Site "Saint-Petersburg"]
[Date "2018.12.28"]
[Round "11"]
[Board "23"]
[White "Amonatov Farrukh (TJK)"]
[Black "Sarana Alexey (RUS)"]
[Result "1-0"]
[LiveChessVersion "1.4.8"]
[BlackElo "2617"]
[WhiteElo "2688"]

1. e4 {[%clk 0:09:59]} c5 {[%clk 0:15:17]} 2. Nf3 {[%clk 0:10:08]} d6
{[%clk 0:15:25]} 3. d4 {[%clk 0:10:17]} cxd4 {[%clk 0:15:34]} 4. Nxd4
{[%clk 0:10:26]} Nf6 {[%clk 0:15:43]} 5. Nc3 {[%clk 0:10:35]} a6 {[%clk 0:15:52]}
6. f4 {[%clk 0:10:44]} e5 {[%clk 0:15:59]} 7. Nf3 {[%clk 0:10:53]} Qc7
{[%clk 0:14:55]} 8. Bd3 {[%clk 0:11:01]} Be7 {[%clk 0:14:50]} 9. Qe2
{[%clk 0:11:10]} Nbd7 {[%clk 0:14:23]} 10. g4 {[%clk 0:11:18]} exf4
{[%clk 0:10:47]} 11. Bxf4 {[%clk 0:09:11]} Ne5 {[%clk 0:09:16]} 12. g5
{[%clk 0:08:20]} Nh5 {[%clk 0:08:52]} 13. Nd5 {[%clk 0:08:01]} Qd8
{[%clk 0:07:41]} 14. Bxe5 {[%clk 0:08:06]} dxe5 {[%clk 0:07:48]} 15. Nxe5
{[%clk 0:07:35]} Nf4 {[%clk 0:06:04]} 16. Qf3 {[%clk 0:07:43]} Nxd3+
{[%clk 0:05:56]} 17. cxd3 {[%clk 0:07:21]} Be6 {[%clk 0:05:39]} 18. O-O-O O-O
{[%clk 0:04:57]} 19. Kb1 {[%clk 0:04:20]} Bxd5 {[%clk 0:04:15]} 20. exd5
{[%clk 0:04:29]} Bd6 {[%clk 0:04:24]} 21. d4 {[%clk 0:04:31]} Qxg5
{[%clk 0:04:17]} 22. Rhg1 {[%clk 0:04:40]} Qe7 {[%clk 0:03:11]} 23. Nd7
{[%clk 0:03:29]} Bxh2 {[%clk 0:01:13]} 24. Nf6+ {[%clk 0:03:31]} Kh8
{[%clk 0:01:22]} 25. Rxg7 {[%clk 0:03:39]} Kxg7 {[%clk 0:01:27]} 26. Qg4+
{[%clk 0:03:48]} Kh6 {[%clk 0:01:11]} 27. Qh5+ {[%clk 0:03:57]} Kg7
{[%clk 0:01:20]} 28. Qg5+ {[%clk 0:04:05]} Kh8 {[%clk 0:01:28]} 29. Qh6
{[%clk 0:04:01]} 1-0

[Event "Rapid 2018"]
[Site "Saint-Petersburg"]
[Date "2018.12.28"]
[Round "11"]
[Board "24"]
[White "Bocharov Dmitry (RUS)"]
[Black "Sakaev Konstantin (RUS)"]
[Result "0-1"]
[LiveChessVersion "1.4.8"]
[BlackElo "2621"]
[WhiteElo "2683"]

1. e4 {[%clk 0:15:17]} c5 {[%clk 0:15:16]} 2. Nf3 {[%clk 0:15:24]} d6
{[%clk 0:15:24]} 3. d4 {[%clk 0:15:25]} cxd4 {[%clk 0:15:32]} 4. Nxd4
{[%clk 0:15:33]} Nf6 {[%clk 0:15:41]} 5. Nc3 {[%clk 0:15:40]} a6 {[%clk 0:15:50]}
6. Nb3 {[%clk 0:15:21]} g6 {[%clk 0:15:03]} 7. Be2 {[%clk 0:15:23]} Bg7
{[%clk 0:15:08]} 8. g4 {[%clk 0:15:26]} h6 {[%clk 0:14:48]} 9. Be3
{[%clk 0:14:41]} Nbd7 {[%clk 0:14:36]} 10. f4 {[%clk 0:11:15]} b5
{[%clk 0:13:21]} 11. Bf3 {[%clk 0:11:14]} Bb7 {[%clk 0:11:19]} 12. a3
{[%clk 0:07:08]} Rc8 {[%clk 0:10:35]} 13. O-O {[%clk 0:07:15]} O-O
{[%clk 0:09:28]} 14. Qe2 {[%clk 0:06:23]} Nb6 {[%clk 0:08:08]} 15. Rad1
{[%clk 0:04:35]} Nc4 {[%clk 0:06:18]} 16. e5 {[%clk 0:03:22]} Bxf3
{[%clk 0:06:24]} 17. Qxf3 {[%clk 0:03:30]} Nxg4 {[%clk 0:05:10]} 18. Bd4
{[%clk 0:03:34]} h5 {[%clk 0:04:57]} 19. exd6 {[%clk 0:02:48]} Bxd4+
{[%clk 0:04:02]} 20. Nxd4 {[%clk 0:02:46]} Qxd6 {[%clk 0:03:23]} 21. Ne4
{[%clk 0:01:33]} Qb6 {[%clk 0:03:20]} 22. f5 {[%clk 0:00:21]} Nce3
{[%clk 0:02:48]} 23. h3 {[%clk 0:00:18]} Nxd1 {[%clk 0:02:05]} 24. Rxd1
{[%clk 0:00:21]} Nf6 {[%clk 0:01:49]} 25. fxg6 {[%clk 0:00:16]} fxg6
{[%clk 0:01:24]} 26. Kh1 {[%clk 0:00:18]} Nxe4 {[%clk 0:01:13]} 27. Qxe4
{[%clk 0:00:26]} Rf6 {[%clk 0:00:54]} 28. c3 {[%clk 0:00:20]} Rcf8
{[%clk 0:00:49]} 29. Rd2 {[%clk 0:00:19]} Qd6 {[%clk 0:00:41]} 30. Kg2
{[%clk 0:00:27]} R8f7 {[%clk 0:00:30]} 31. Re2 {[%clk 0:00:32]} e5
{[%clk 0:00:31]} 32. Nc2 {[%clk 0:00:31]} Qc6 {[%clk 0:00:38]} 33. Qxc6
{[%clk 0:00:38]} Rxc6 {[%clk 0:00:47]} 34. Rxe5 {[%clk 0:00:45]} Rcf6
{[%clk 0:00:46]} 35. Re2 {[%clk 0:00:54]} Kh7 {[%clk 0:00:30]} 36. Nd4
{[%clk 0:00:58]} Kh6 {[%clk 0:00:37]} 37. Kg3 {[%clk 0:00:57]} g5
{[%clk 0:00:45]} 38. Kg2 {[%clk 0:00:46]} h4 {[%clk 0:00:53]} 39. Nb3
{[%clk 0:00:42]} Kh5 {[%clk 0:00:54]} 40. Nc5 {[%clk 0:00:51]} Rc6
{[%clk 0:00:48]} 41. Nd3 {[%clk 0:00:54]} Rd6 {[%clk 0:00:52]} 42. Nf2
{[%clk 0:01:00]} Rf8 {[%clk 0:00:45]} 43. Ne4 {[%clk 0:01:07]} Rd5
{[%clk 0:00:45]} 44. Nf2 {[%clk 0:01:05]} Kg6 {[%clk 0:00:47]} 45. Ng4
{[%clk 0:01:08]} Rd6 {[%clk 0:00:54]} 46. Ne5+ {[%clk 0:01:12]} Kh5
{[%clk 0:00:56]} 47. Ng4 {[%clk 0:01:12]} Rfd8 {[%clk 0:01:02]} 48. Re5
{[%clk 0:00:42]} Rd2+ {[%clk 0:01:05]} 49. Kf3 {[%clk 0:00:50]} Rf8+
{[%clk 0:01:04]} 50. Ke3 {[%clk 0:00:53]} Rg2 {[%clk 0:00:46]} 0-1